| Tag |
First Indicator |
Second Indicator |
Subfields |
| LEADER |
00000cam a2200000 i 4500 |
| 001 |
in00000044536 |
| 005 |
20151007073015.0 |
| 008 |
800213s1980 ilua b 00110 eng |
| 010 |
|
|
|a 79088785
|
| 020 |
|
|
|a 0256022194
|
| 035 |
|
|
|a (OCoLC)06086658
|
| 035 |
|
|
|9 AAE8962AM
|
| 040 |
|
|
|a DLC
|c DLC
|d TXA
|d UtOrBLW
|
| 049 |
|
|
|a TXAM
|c [1191952]
|
| 050 |
0 |
0 |
|a HD30.23
|b .B47
|
| 082 |
0 |
|
|a 658.4/03
|
| 100 |
1 |
|
|a Berry, William L.
|
| 245 |
1 |
0 |
|a Management decision sciences :
|b cases and readings /
|c William L. Berry, Charles J. Christenson, John S. Hammond III.
|
| 264 |
|
1 |
|a Homewood, Ill. :
|b R. D. Irwin ;
|a Georgetown, Ont. :
|b Irwin-Dorsey,
|c 1980.
|
| 300 |
|
|
|a xv, 583 pages :
|b illustrations ;
|c 24 cm.
|
| 336 |
|
|
|a text
|b txt
|2 rdacontent
|
| 337 |
|
|
|a unmediated
|b n
|2 rdamedia
|
| 338 |
|
|
|a volume
|b nc
|2 rdacarrier
|
| 490 |
1 |
|
|a The Irwin series in quantitative analysis for business
|
| 504 |
|
|
|a Includes bibliographical references and indexes.
|
| 650 |
|
0 |
|a Decision making
|x Mathematical models.
|
| 650 |
|
0 |
|a Operations research.
|
| 700 |
1 |
|
|a Christenson, Charles J.
|
| 700 |
1 |
|
|a Hammond, John S.,
|d 1937-
|
| 830 |
|
0 |
|a Irwin series in quantitative analysis for business.
|
| 999 |
|
|
|a MARS
|
| 999 |
f |
f |
|s b0711656-e1b9-3cde-b20d-f0373e6c945b
|i 0ceafcb4-5717-36c1-88ef-124b61b21978
|t 0
|
| 952 |
f |
f |
|p ric
|a Texas A&M University
|b Rellis Campus
|c Joint Library Facility
|d Remote Storage
|t 0
|e HD30.23 .B47
|h Library of Congress classification
|i unmediated -- volume
|m A14802611260
|
| 998 |
f |
f |
|a HD30.23 .B47
|t 0
|l Remote Storage
|